000 01107 a2200253 4500
001 14682
005 20260407155448.0
008 260407a2008 arg spa d
003 AR-UNSa-BCEJYS
040 _aAR-UNSa-BCEJYS
_bspa
_cAR-UNSa-BCEJYS
080 _a330.32
_xNueva formación de capital (Inversión)
245 1 0 _aModelos financieros
_putilizando Microsoft Excel
020 _a978-987-1046-81-2
264 1 _aBuenos Aires :
_bOmicron System
_c2008
300 _a185 p.
_c23 cm.
505 _a1. Técnicas tradicionales de valuación de proyectos - 2. Préstamos - 3. Acciones con dividendo - 4. Bonos - 5. Opciones de compra y de venta - 6. Valuación de proyectos con opciones reales - 7. Administración de portafolio de acciones
942 _cBK
590 _aniveau_biblio:m niveau_hierar:0
100 1 _aBacchini, Roberto D.
700 1 _aMatsuda Yamada, Flavia E.
700 1 _aGarcía Fronti, Javier I.
700 1 _aGarcía Fronti, Matías S
856 4 1 _uhttps://biblioeco.unsa.edu.ar/pmb/images/libros/Modelos Financieros utilizando Excel-l118942.jpg
_yImagen de portada
_qimage/jpeg
999 _c609
_d609